African Countries by Skyscraper Count - Statistics

General Stats
  • This quiz has been taken 17 times
  • The average score is 9 of 10
Answer Stats
# of Skyscrapers Country Tallest Building % Correct
1 Egypt Iconic Tower (393.8m / 1,292 ft)
100%
6 South Africa The Leonardo (234m / 768 ft)
100%
1 Algeria Djamaâ El Djazaïr (264.3m / 867 ft)
93%
1 Ethiopia Commercial Bank of Ethiopia Headquarters (209.3m / 687 ft)
93%
1 Morocco Mohammed VI Tower (250m / 820 ft)
93%
1 Nigeria NECOM House (160.3m / 526 ft)
93%
4 Tanzania PDF Tower II (160m / 525 ft)
93%
3 Kenya Britam Tower (200.1m / 656 ft)
80%
1 Uganda NSSF Pension Towers (155m / 509 ft)
80%
1 Côte d'Ivoire Basilica of Our Lady of Peace (158m / 518 ft)
60%
No matching quizzes found
Score Distribution
Percent of People with Each Score
Percentile by Number Answered
Your Score History
You have not taken this quiz